[Event "CAN-ch U14"]
[Site "Windsor"]
[Date "2016.07.07"]
[Round "5.34"]
[White "Lehingrat, Callum"]
[Black "Hou, Frank Gui"]
[Result "1-0"]
[WhiteElo "1688"]
[BlackElo "1273"]
[PlyCount "115"]
[EventDate "2016.07.05"]
[EventType "swiss"]
[EventRounds "7"]
[EventCountry "CAN"]
[SourceTitle "EXT 2022"]
[Source "ChessBase"]
[SourceDate "2021.10.06"]
[SourceVersion "1"]
[SourceVersionDate "2021.10.06"]
[SourceQuality "1"]

1. e4 e5 2. Nf3 Nc6 3. Bb5 a6 4. Ba4 Nf6 5. 0-0 d6 6. Re1 Be7 7. h3 0-0 8. c3 Be6 9. d4 exd4 10. cxd4 b5 11. Bc2 d5 12. e5 Nd7 13. Nbd2 f6 14. exf6 Rxf6 15. Bxh7+ Kxh7 16. Ng5+ Kg8 17. Nxe6 Qc8 18. Nf3 Nf8 19. Nxf8 Rxf8 20. Qe2 Bf6 21. Qd3 Ne7 22. Bg5 Qf5 23. Qxf5 Nxf5 24. Bxf6 Rxf6 25. Rac1 c6 26. g4 Nh6 27. Ne5 Re6 28. Rxc6 Rxc6 29. Nxc6 Kf8 30. Nb4 a5 31. Nxd5 Rd8 32. Nc7 Rb8 33. Re5 Nf7 34. Rxb5 Rxb5 35. Nxb5 Ke7 36. f4 Ke6 37. Nc3 Nd6 38. Kf2 g6 39. b3 Nc8 40. Ke3 Nb6 41. Ke4 Kd6 42. h4 Ke6 43. Na4 Nd5 44. Nc5+ Kd6 45. Nb7+ Ke6 46. f5+ gxf5+ 47. gxf5+ Kf6 48. Kxd5 Kxf5 49. Kc6 Ke4 50. d5 Kd3 51. d6 Kc2 52. d7 Kb2 53. d8Q Ka3 54. Qxa5+ Kb2 55. a4 Kc2 56. b4 Kb3 57. Nc5+ Kc4 58. Qb5+ 1-0

[Event "CAN-ch U14"]
[Site "Windsor"]
[Date "2015.07.07"]
[Round "3.37"]
[White "Hou, Frank Gui"]
[Black "Sementilli, Gabriel"]
[Result "1-0"]
[WhiteElo "1146"]
[BlackElo "1150"]
[PlyCount "73"]
[EventDate "2015.07.06"]
[EventType "swiss"]
[EventRounds "7"]
[EventCountry "CAN"]
[SourceTitle "EXT 2022"]
[Source "ChessBase"]
[SourceDate "2021.10.06"]
[SourceVersion "1"]
[SourceVersionDate "2021.10.06"]
[SourceQuality "1"]

1. e4 Nc6 2. d4 e6 3. Be3 d5 4. e5 Nce7 5. Nf3 b6 6. c4 c5 7. dxc5 bxc5 8. Bxc5 Bb7 9. Nc3 f6 10. exf6 gxf6 11. Be2 Rc8 12. Bxa7 Rxc4 13. Bxc4 Nc6 14. Bb5 Qa5 15. Bxc6+ Bxc6 16. Be3 e5 17. Bd2 Bh6 18. Bxh6 Nxh6 19. 0-0 e4 20. Re1 0-0 21. Nd4 f5 22. Nxc6 Qc5 23. Qxd5+ Qxd5 24. Nxd5 Ng4 25. a4 e3 26. fxe3 h5 27. a5 Nf6 28. Nxf6+ Rxf6 29. Ne7+ Kf7 30. Nxf5 Rxf5 31. a6 Rb5 32. a7 Rc5 33. a8Q h4 34. Ra6 Rc7 35. Rf1+ Kg7 36. Qf8+ Kh7 37. Rh6# 1-0